000
00273nam a2200097Ia 4500
008
220204s9999 xx 000 0 und d
082
_a
678.4SMR
_b
RRC.35B
245
0
_a
Thirty fifth B round robin crosschecks for SMR testing
260
_a
Kuala Lumpur
_b
RRIM
_c
1983
942
_c
BK
999
_c
43311
_d
43311